| 000 | 00000cam 2200000zi 4500 |
| 001 | 9.867833 |
| 003 | CaOODSP |
| 005 | 20260209124709 |
| 006 | m o d f |
| 007 | cr cn||||||||| |
| 008 | 190131t20192019onc o f000 0 eng d |
| 040 | |aCaOODSP|beng|erda|cCaOODSP |
| 043 | |an-cn--- |
| 086 | 1 |aH113-5/2019-1E-PDF|zH113-5/2019-1E |
| 245 | 00|aRe-evaluation project plan for DEET and related active toluamides. |
| 264 | 1|aOttawa, Ontario : |bPest Management Regulatory Agency, Health Canada, |c2019. |
| 264 | 4|c©2019 |
| 300 | |a1 online resource (3 pages). |
| 336 | |atext|btxt|2rdacontent |
| 337 | |acomputer|bc|2rdamedia |
| 338 | |aonline resource|bcr|2rdacarrier |
| 490 | 1 |aRe-evaluation note, |x1925-0649 ; |vREV2019-01 |
| 500 | |aIssued also in French under title: Plan de travail pour la réévaluation du DEET et des toluamides actifs connexes. |
| 500 | |aCover title. |
| 500 | |a"30 January 2019." |
| 692 | 07|2gccst|aInsecticides |
| 692 | 07|2gccst|aToxicology |
| 710 | 1 |aCanada. |bHealth Canada. |
| 710 | 1 |aCanada. |bPest Management Regulatory Agency. |
| 775 | 08|tPlan de travail pour la réévaluation du DEET et des toluamides actifs connexes.|w(CaOODSP)9.867836 |
| 830 | #0|aRe-evaluation note (Canada. Pest Management Regulatory Agency)|x1925-0649 ; |vREV2019-01.|w(CaOODSP)9.504460 |
| 856 | 40|qPDF|s110 KB|uhttps://publications.gc.ca/collections/collection_2019/sc-hc/h113-5/H113-5-2019-1-eng.pdf |